Online Catalogue and eLibrary

Orientalism and religion (Record no. 4553)

MARC details
000 -LEADER
fixed length control field 00474nam a2200181Ia 4500
005 - DATE AND TIME OF LATEST TRANSACTION
control field 20240718081531.0
008 - FIXED-LENGTH DATA ELEMENTS--GENERAL INFORMATION
fixed length control field 240331s9999 xx 000 0 und d
020 ## - INTERNATIONAL STANDARD BOOK NUMBER
ISBN 0415202582
082 ## - DDC Classification
Item Number - Author Mark KIN
Class No. 200.7
100 ## - MAIN ENTRY--PERSONAL NAME
Personal name King,R
245 #0 - TITLE STATEMENT
Title Orientalism and religion
Remainder of title Postcolonial theory, India and 'the mystic East'
260 ## - PUBLICATION, DISTRIBUTION, ETC.
Place of publication, distribution, etc. London
Name of publisher, distributor, etc. Routledge
Date of publication, distribution, etc. 1999
300 ## - PHYSICAL DESCRIPTION
Extent (e.g. Volumes, Pages etc.) viii, 283 p .,
650 ## - SUBJECT ADDED ENTRY--TOPICAL TERM
Topical term or geographic name entry element Postcolonial
650 ## - SUBJECT ADDED ENTRY--TOPICAL TERM
Topical term or geographic name entry element Philosophy
650 ## - SUBJECT ADDED ENTRY--TOPICAL TERM
Topical term or geographic name entry element Religions
942 ## - Koha item type (Biblio)
Koha item type Books in Stacks (Lending)
Holdings
Lost status Damaged status Collection code Home library Current library Shelving location Date acquired Full call number Accession Number Item type
    Lending WERC Library WERC Library Social Science Cupboard 03/31/2024 200.7 KIN 2803 Books in Stacks (Lending)

© WERC Library